000 00465nam a2200181Ia 4500
005 20250423100840.0
008 250422s9999 xx 000 0 und d
020 _a9789048196722
050 _aQH 541.5.S24 S235/
100 _aOzturk, M.
245 0 _aSabkha ecosystems
260 _aNew York
260 _bSpringer
260 _c2011
300 _a148 p
650 _aSalt marsh ecology. Coastal ecology. Alkali lands. Halophytes --Ecology.
942 _cBK
999 _c34527
_d34527